Statistics for Landlocked Countries with Two Borders

Click here to take the quiz!

General Stats

  • This quiz has been taken 119 times
  • The average score is 5 of 7

Answer Stats

Country % Correct
Liechtenstein
82%
Andorra
78%
Mongolia
74%
Bhutan
67%
Swaziland
65%
Nepal
64%
Moldova
53%

Score Distribution

Percentile by Number Answered

Percent of People with Each Score

Your Score History

You have not taken this quiz